000 01132nam a22002657a 4500
005 20170124103158.0
010 _aA-933208
020 _c400.00
035 _aA-933208
037 _bCen Lib/Ret
040 _aDPL
_bHN
082 _a954.42
_bदिवाक
100 _aदिवाकर, बी.एस.
_990582
245 _aराजस्थान का इतिहास /
_cबी.एस. दिवाकर
246 _aRajasthan ka itihas /
_bby B.S. Diwakar
260 _aजयपुर
_bसाहित्यागार
_c1998
270 _aचौड़ा रास्ता
_bजयपुर
_e302003
300 _a394पृ.
_c21सेमी (सजिल्द)
500 _aसन्दर्भ सूची शामिल
650 _aइतिहास -- राजस्थान -- भारत
_91283
650 _aराजपूतों की उत्पत्ति -- राजस्थान
_990583
650 _aHistory -- Rajasthan -- India
_990584
650 _aOrigin of the Rajputs - Rajasthan
_990585
942 _2ddc
_cHN
_h954.42
_mदिवाक
999 _c120469
_d120469